000 00384cam a2200133ua 4500
020 _a9788120326149
082 _a660.2842
_bGEA/TR
100 _aGeankoplis, Christie John .
_91325
245 _aTransport Processes and Seperation Process Principles ( Includes Unit Operations ) /
250 _a4 /
260 _aNew Delhi :
_bPearson
_c2015
300 _a1026 ;
_e`.
942 _cBK
999 _c13045
_d13045